000 00527ntaaa2200205 4500
003 01
005 20251027203123.0
008 0714s1973 ag 01
040 _aAR-BaBN
_bspa
_cAR-BaBN
_eaacr
_dRIC
082 _a282.0000 R35
100 _aRIbetti, G.
_932767
245 _aIndulgenze e Giubilei
250 _a1 ed. :
_bLibrería Claudiana,
_c1900
300 _a48 p
500 _aIn occasione dell'Anno Santo, 1900
650 _aautor
_923984
650 _acatolicismo
_9316
650 _aIndulgencias
_932768
942 _cBK
999 _c26673
_d26673